Les 30 Français les plus influents - Statistiques

Statistiques générales
  • Ce quiz a été pris 330 fois
  • Le résultat moyen est 11 sur 30
Statistiques - réponses
Indice Réponse % Correct
Président Emmanuel Macron
69%
Empereur Napoléon
62%
Footballeur Zinedine Zidane
62%
Président Charles De Gaulle
58%
DJ David Guetta
58%
Roi Louis XIV
53%
Pucelle Jeanne d’Arc
48%
Président Nicolas Sarkozy
48%
Basketteur Tony Parker
48%
Judoka Teddy Riner
46%
Tennisman / Chanteur Yannick Noah
45%
Footballeur Antoine Griezmann
44%
Ecrivain Victor Hugo
43%
Footballeur Michel Platini
36%
Dramaturge / Comédien Molière
36%
Chanteuse Edith Piaf
33%
Acteur Omar Sy
31%
Footballeur Didier Deschamps
30%
Ecrivain / Philosophe Voltaire
30%
Footballeur Karim Benzema
29%
Chef Philippe Etchebest
29%
Chanteuse Aya Nakamura
25%
Groupe de musique Daft Punk
24%
Poète Arthur Rimbaud
19%
Philosophe Descartes
19%
Acteur Louis de Funès
19%
Acteur / Humoriste Jamel Debbouze
17%
Basketteur Evan Fournier
14%
Rappeur SCH
13%
Actrice Camille Cottin
10%
Aucun quiz correspondant
Distribution des résultats
% des personnes avec chaque résultat
Percentile par nombre de réponses
Votre historique - résultats
Vous n’avez pas pris ce quiz